01248 2200589 4500001002100000008004100021035002000062245004200082100001900124250000600143260003000149300001200179084001400191082000800205650001300213990001200226990001200238990001200250990001200262990001200274990001200286990001200298990001200310990001200322990001200334990001200346990001200358990001200370990001200382990001200394990001200406990001200418990001200430990001200442990001200454990001200466990001200478990001200490990001200502990001200514990001200526990001200538990001200550990001200562990001200574990001200586990001200598990001200610990001200622990001200634990001200646INLIS000000000000766 ind  a0010-0524000001 aX-Press UN Fisika 2020cTim Progresif aProgresif, Tim a1 aJakarta :bErlanggac2019 a146 hlm a530 TIM f a530 aNonFiksi a0740044 a0740045 a0740046 a0740047 a0740048 a0740049 a0740050 a0740051 a0740052 a0740053 a0740054 a0740055 a0740056 a0740057 a0740058 a0740059 a0740060 a0740061 a0740062 a0740063 a0740064 a0740065 a0740066 a0740067 a0740068 a0740069 a0740070 a0740071 a0740072 a0740073 a0740074 a0740075 a0740076 a0740077 a0740078 a0740079